=LDR 00000nam 2200000 4500 =001 INLIS000000000046023 =005 20200219023411 =035 ##$$a 0010-021500000000583 =008 200219###########################0###### =020 ##$$a 979-758-265-5 =040 ##$$a NBPDMAT =082 ##$$a 600 =090 ##$$a 600 $b Dju m =100 ##$$a Djundjunan PS =245 1#$$a Mari Mengenal Teknologi Di Lingkungan Rumahmu /$c DjunDjunan PS ; Penyunting, Rikky Firmansyah , Edi Wansidi =260 ##$$a Jakarta :$b GRAfindo Media Pratama,$c [S.a] =300 ##$$a 88 hlm : $b Ilus ; $c 24 cm =500 ##$$a Bibliografi : hal. 78 =500 ##$$a Indeks : hlm. 80 =650 #4$$a Teknologi =700 #$$a Rikky Firmansyah =084 ##$$a 600 DJU m =990 ##$$a 0001/BPAP-NTB/20142015 =990 ##$$a 0001/BPAP-NTB/20142015 =990 ##$$a 0001/BPAP-NTB/20142015 =990 ##$$a 0001/BPAP-NTB/20142015 =990 ##$$a 0001/BPAP-NTB/20142015 =990 ##$$a 1202001190 =990 ##$$a 00093730 =990 ##$$a 0001/BPAP-NTB/20142015 =990 ##$$a 0001/BPAP-NTB/20142015 =990 ##$$a 0001/BPAP-NTB/20142015 =990 ##$$a 0001/BPAP-NTB/20142015 =990 ##$$a 0001/BPAP-NTB/20142015